000 00440nam a2200181Ia 4500
005 20240823014223.0
008 240823s9999||||xx |||||||||||||| ||und||
041 _aENGLISH
082 _A621.3 N6
100 _aChhalorta G P
245 0 _aElectrical Engineering Economics
250 _a3rd
260 _c1996
_b"Khanna Publishders,"
_aNew Delhi
500 _aYES
650 _aElectrical
_bElectrical
942 _cBK
999 _c169463
_d169463